00347nam a2200133 a 4500008004100000020001500041050001900056100002000075245004600095250001200141260003000153300002100183350000900204120416s1995 ||||||||||||||||| || u a0240513967 aTK 7881.65 Rum aRumsey, Francis14aThe digital interface handbook.-- 2nd ed. a2nd ed. aOxfordbFocal Pressc1995 aix, 265p. : ill. a0.00